00676nam a2200241 a 4500001001300000003000900013005001700022008004100039020002300080082001500103100001100118245003100129260003600160300000900196500003500205505001000240650001300250700001100263902000800274942000700282952012800289999001700417nice12345678IN_TiNIC20260116014153.0070413s2005 dela grp 000 0 eng  a8171698913 c60000a294.5bRAM aRam, S aHinduism and Hindu Priests aDelhi bCommenwealth Pub c2005 a246p aincludes index and biblioraphy2 aIndex aHinduism1 aRam, S bSRS cBK 001040708StackRoom-aHMIbHMId2009-10-13g600.00l2o294.5 RAMp021473r2018-12-11s2018-12-05v600.00w2007-04-13yBK c14171d14171